000 nam a22 4500
999 _c9158
_d9158
008 180413b ||||| |||| 00| 0 eng d
245 _aQuake damage reaches 271 M.
260 _aPhilippines
_bManila Bulletin
_cc2017
300 _apage 15.
650 0 _927352
_aNatural disaster.
942 _2ddc
_cPER